| 000 | 00763cam a22002177a 4500 | ||
|---|---|---|---|
| 001 | 13767985 | ||
| 005 | 20250220175845.0 | ||
| 008 | 041101s2003 sz b 000 0 eng d | ||
| 020 | _a2825413917 | ||
| 050 | 0 | 0 |
_aRA643.8 _b.H572 2003 |
| 082 | 0 | 0 |
_a362.196/9792 _222 |
| 245 | 0 | 0 |
_aHIV/AIDS and the curriculum : _bmethods of integrating HIV/AIDS in theological programmes / _cedited by Musa W. Dube. |
| 260 |
_aGeneva : _bWCC Publications, _cc2003. |
||
| 300 |
_axiii, 173 p. ; _c22 cm. |
||
| 650 | 0 |
_aAIDS (Disease) _xReligious aspects _xChristianity. |
|
| 650 | 0 |
_aAIDS (Disease) _xPatients _xPastoral counseling of. |
|
| 650 | 0 |
_aTheological seminaries _vCurricula. |
|
| 700 | 1 | _aDube, Musa Wenkosi. | |
| 710 | 2 | _aWorld Council of Churches. | |
| 942 |
_2lcc _cBK _n0 |
||
| 999 |
_c3984 _d3984 |
||